Statistiques concernant boisson

Cliquez ici pour prendre le quiz!

Statistiques générales

  • Ce quiz a été pris 429 fois
  • Le résultat moyen est 6 sur 15

Statistiques - réponses

nombreboisson% Correct
2coca
95%
3eau
74%
5orangina
55%
4ice the
50%
9the
49%
10cafe
46%
12jus d orange
46%
15vin
41%
11jus de pomme
38%
6lait
37%
1oasis
35%
14sirop de grenadine
19%
13sirop de menthe
13%
7multifruits
5%
8arizona
4%

Distribution des résultats

Percentile par nombre de réponses

% des personnes avec chaque résultat

Votre développement - résultats

Vous n’avez pas pris ce quiz